<?xml version="1.0" encoding="UTF-8"?>
<record
    xmlns:xsi="http://www.w3.org/2001/XMLSchema-instance"
    xsi:schemaLocation="http://www.loc.gov/MARC21/slim http://www.loc.gov/standards/marcxml/schema/MARC21slim.xsd"
    xmlns="http://www.loc.gov/MARC21/slim">

  <leader>00915nab a2200253 uc4500</leader>
  <controlfield tag="001">716051</controlfield>
  <controlfield tag="005">20240301090801.0</controlfield>
  <controlfield tag="008">020126s2000                        spa  </controlfield>
  <datafield tag="035" ind1=" " ind2=" ">
    <subfield code="a">716051</subfield>
  </datafield>
  <datafield tag="035" ind1=" " ind2=" ">
    <subfield code="a">(OCoLC)819930312</subfield>
  </datafield>
  <datafield tag="040" ind1=" " ind2=" ">
    <subfield code="c">comduadb</subfield>
  </datafield>
  <datafield tag="041" ind1=" " ind2=" ">
    <subfield code="a">spa</subfield>
  </datafield>
  <datafield tag="100" ind1="1" ind2="0">
    <subfield code="a">Toussaint Alcaraz, Florence</subfield>
    <subfield code="4">aut</subfield>
    <subfield code="e">aut</subfield>
    <subfield code="9">351939</subfield>
  </datafield>
  <datafield tag="245" ind1="1" ind2="4">
    <subfield code="a">Las campanas electorales del 2000 en television. El caso mexicano</subfield>
  </datafield>
  <datafield tag="650" ind1=" " ind2=" ">
    <subfield code="a">Campa&#xF1;as electorales - M&#xE9;xico</subfield>
    <subfield code="9">84731</subfield>
  </datafield>
  <datafield tag="650" ind1=" " ind2=" ">
    <subfield code="a">Televisi&#xF3;n y pol&#xED;tica</subfield>
    <subfield code="9">28339</subfield>
  </datafield>
  <datafield tag="650" ind1=" " ind2=" ">
    <subfield code="a">Propaganda electoral</subfield>
    <subfield code="9">27082</subfield>
  </datafield>
  <datafield tag="650" ind1=" " ind2=" ">
    <subfield code="a">Propaganda pol&#xED;tica</subfield>
    <subfield code="9">4584</subfield>
  </datafield>
  <datafield tag="650" ind1=" " ind2=" ">
    <subfield code="a">Noticieros por televisi&#xF3;n</subfield>
    <subfield code="9">9925</subfield>
  </datafield>
  <datafield tag="650" ind1=" " ind2=" ">
    <subfield code="a">Elecciones - Mexico, 2000</subfield>
    <subfield code="9">77503</subfield>
  </datafield>
  <datafield tag="650" ind1=" " ind2="7">
    <subfield code="a">Comunicaci&#xF3;n en pol&#xED;tica</subfield>
    <subfield code="2">lemb</subfield>
    <subfield code="9">22707</subfield>
  </datafield>
  <datafield tag="773" ind1="0" ind2=" ">
    <subfield code="t">Revista Mexicana de Ciencias Pol&#xED;ticas y Sociales (M&#xE9;xico)</subfield>
    <subfield code="g">Vol. 44, No. 180, Sep.-Dic. 2000, p. 39-64</subfield>
    <subfield code="w">197200</subfield>
    <subfield code="x">0185-1918</subfield>
    <subfield code="0">86550</subfield>
  </datafield>
  <datafield tag="942" ind1=" " ind2=" ">
    <subfield code="c">ARIMP</subfield>
  </datafield>
  <datafield tag="999" ind1=" " ind2=" ">
    <subfield code="c">227820</subfield>
    <subfield code="d">227820</subfield>
  </datafield>
</record>
